000 00864cab a22001935a 4500
001 L145507
008 081016s2008 xxkad f s 000 0 eng d
035 _a(Sirsi) u145507
041 0 _aeng
110 2 _aAsia Property
_95589
245 0 0 _aEmerging economies set to overthrow western dominance of real estate world
260 _c2008
490 0 _aAsia Property
_vOctober 2008, 10(1)
520 _aInvestment Focus, a Morgan Stanley Investment Management report, argues that the 20-year bull run for emerging Asian markets, especially China and India, will make the region the world's most valuable real estate market by 2037. Compares the global real estate market of 2008 with the predicted global real estate market of 2037.
590 _aKA
651 4 _aInternational
690 _aPROPERTY-COMMERCIAL PROPERTY-COMMERCIAL PROPERTY MARKET
942 _n0
999 _c80843
_d80843